| 000 | 00530nam a2200205Ia 4500 | ||
|---|---|---|---|
| 005 | 20250425162823.0 | ||
| 008 | 250425s9999 xx 000 0 und d | ||
| 020 | _a8486584701 | ||
| 041 | _aspa | ||
| 044 | _asp | ||
| 100 | _aFERNANDEZ GARCIA, DAVID | ||
| 245 | 0 | _aESCUELA DALY DE HOSTELERIA Y TURISMO: REGIDURIA DE PISOS (TOMO 3) | |
| 250 | _a1A ED. | ||
| 264 |
_aEspaƱa, MALAGA _bDALY S.L. _c1994. |
||
| 300 | _a120 | ||
| 362 | _a3 | ||
| 650 | _aRESTAURANTES, HOTELES Y SERVICIOS | ||
| 942 | _c01 | ||
| 010 | _a110334 | ||
| 999 |
_c237096 _d237096 |
||